Companies A-Z #2 - Statistics

General Stats
  • This quiz has been taken 915 times
  • The average score is 16 of 25
Answer Stats
Clue Company % Correct
A Online retailer Amazon.com
97%
G Search engine Google
95%
V Makes debit and credit cards Visa
89%
Y Kind of like Google, but less popular Yahoo!
89%
R Swiss watch manufacturer Rolex
88%
E Online auctions Ebay
87%
S Main competitor of Apple Samsung
84%
U Global delivery service with brown logo United Parcel Service
82%
D America's oldest airline still operating Delta Air Lines
79%
N The Swoosh logo Nike
78%
K Mascot is a Colonel KFC
74%
F Italian car company Fiat
72%
C Top US TV network CBS
66%
T Britain's biggest supermarket chain Tesco
62%
L Chinese laptop company Lenovo
58%
O 'Love the skin you're in' Olay
51%
Z Spain's largest clothes retailer Zara
51%
H 57 Varieties Heinz
49%
B Financial data provider, founded by a NYC mayor Bloomberg
44%
J Largest bank in America JPMorgan Chase
43%
M MH370 Malaysia Airlines
43%
P First airline to use a jumbo jet Pan American World Airways
36%
I 'Big Blue' IBM
30%
W China's Twitter Weibo
17%
Q Largest Bank in the Middle East Qatar National Bank
5%
No matching quizzes found
Score Distribution
Percent of People with Each Score
Percentile by Number Answered
Your Score History
You have not taken this quiz